000 00632nam a2200217 a 4500
001 000023329
005 20200930022137.0
008 101202s1988 es r 000 0 spa d
020 _a8478200002
040 _aDO-SdBNP
_bspa
_cBNPHU
082 _a861.64
_bG731e
100 1 _aGracia, Luciano
_914631
245 1 0 _aEslabones de sombra /
_cLuciano Gracia.
260 _aZaragoza, España :
_bInstitución Fernando el Católico,
_c1988.
300 _a74 p. ;
_c24 cm.
490 1 _aSan Jorge ;
_v54
650 4 _aPoesía española
_9631
650 4 _aLiteratura española
_9632
830 0 _aSan Jorge ;
_n54
_948054
049 _aBNGR
999 _c22826
_d22826